| 000 | 02316nam0a2200397 4500 | ||
|---|---|---|---|
| 001 | RU\NLR\BIBL_A\012863869 | ||
| 005 | 20250624185550.0 | ||
| 010 | _a978-5-4212-0632-3 | ||
| 035 | _a(NLR Aleph) 012863869 | ||
| 090 |
_a12468086 _c12468086 |
||
| 100 | _a20220810d2021 |||y0rusy50 ca | ||
| 101 | 0 | _arus | |
| 102 | _aRU | ||
| 105 | _ay z 000yy | ||
| 181 | 0 |
_ai _baxxe |
|
| 182 | 0 | _an | |
| 200 | 1 |
_aОграничение дееспособности вследствие психического расстройства. Недееспособность. Опекуны и попечители: как осуществлять права и исполнять обязанности _fЕ. Ю. Заблоцкис _g[Центр лечебной педагогики "Особое детство"] |
|
| 203 |
_aТекст _bвизуальный _cнепосредственный |
||
| 210 |
_aМосква _cТеревинф _d2021 |
||
| 215 |
_a247 с. _d21 |
||
| 300 | _aЗагл. корешка: Ограничение дееспособности. Недееспособность. Опекуны и попечители | ||
| 320 | _aБиблиогр. в тексте и в подстроч. примеч. | ||
| 516 | 1 | _aОграничение дееспособности. Недееспособность. Опекуны и попечители | |
| 517 | 1 | _aНедееспособность. Опекуны и попечители: как осуществлять права и исполнять обязанности | |
| 606 | 1 |
_aПсихически больные _xПравовое положение _yРоссийская Федерация _92247195 _3RU\NLR\AUTH\6601579013 |
|
| 606 | 1 |
_aДееспособность _xОграничение _yРоссийская Федерация _92134371 _3RU\NLR\AUTH\661591482 |
|
| 606 | 1 |
_aОпека _yРоссийская Федерация _92095322 _3RU\NLR\AUTH\661267819 |
|
| 606 | 1 |
_aПопечительство _yРоссийская Федерация _92184408 _3RU\NLR\AUTH\661313390 |
|
| 686 | 1 | _aХ620.32 | |
| 686 | 1 | _aХ623.011.21 | |
| 686 | 1 | _aХ624.6 | |
| 700 | 1 |
_aЗаблоцкис _bЕ. Ю. _gЕлена Юрьевна |
|
| 942 | _cBOOK | ||
| 980 | _aNB | ||